| 000 | 00744nam a22002057a 4500 | ||
|---|---|---|---|
| 005 | 20140724124034.0 | ||
| 010 | _aENG-110053 | ||
| 020 |
_a9789380607696 _c1395.00 |
||
| 035 | _aEN-93586 | ||
| 037 | _bDBAD/PUB | ||
| 082 | _a915.4 | ||
| 100 | _aWorkman, Willian Hunter | ||
| 245 |
_aThrough town and jungle: _cby William Hunter Workman [and] Fanny Bullock Workman _bforuteen thousand miles a-wheel among the temples and people of the Indian plain / |
||
| 260 |
_a Delhi _bPrimus Books _c2013 |
||
| 270 |
_aVirat Bhavan ,Mukherjee Nagar Commercial Complex _b Delhi _e110009 |
||
| 300 |
_axiv,380p. : _bill.,maps _c24cm(Hb) |
||
| 500 | _aIncludes index | ||
| 700 | _aWorkman, Fanny Bullock | ||
| 942 |
_2ddc _cEN _mWOR _h915.4 |
||
| 999 |
_c84438 _d84438 |
||